| 000 | 00757nam a2200253Ia 4500 | ||
|---|---|---|---|
| 003 | OSt | ||
| 005 | 20221002050720.0 | ||
| 006 | a|||||r|||| 00| 0 | ||
| 007 | ta | ||
| 008 | 220930b |||||||| |||| 00| 0 eng d | ||
| 024 | _a19857 | ||
| 037 | _cReference Collections | ||
| 040 |
_aCRL _cCRL _beng |
||
| 041 |
_2eng _aeng |
||
| 082 | _ak498,N96, N6.1-.7(RR) | ||
| 100 | _aSharma S K Ed. | ||
| 245 | 0 | _aEncyclopedia of Tibet | |
| 260 |
_aNew Delhi _bAnmol _c1996 |
||
| 300 |
_a260p, 257p, 285p, 258p, 245p, 241p, 282p _ccm. |
||
| 650 |
_aENCYCLOPEDIAS AND DICTIONARIES _977 |
||
| 700 | _a Sharma Usha Ed. | ||
| 942 |
_hk498,N96, N6.1-.7(RR) _cref _2CC |
||
| 999 |
_c915236 _d915236 |
||